| 000 | 00367nam a2200145Ia 4500 | ||
|---|---|---|---|
| 008 | 210210b1976 xxu||||| |||| 00| 0 eng d | ||
| 020 | _a0 697 07533 8 | ||
| 082 | _a301 BROS | ||
| 100 | _aBROWN COMPANY PUBLISHERS. | ||
| 245 | _aSocial change. | ||
| 260 |
_aUSA _bWM C Brown company publishers _c1976 |
||
| 300 | _avii,80 | ||
| 690 | _aSociology | ||
| 906 | _aSG02281 | ||
| 999 |
_c113480 _d113480 |
||